000 00689nam a2200193 i 4500
001 184923
003 ES-MaACL
005 20251005063138.0
008 160219s1967 sp |||| | spa d
100 1 _aMartí Gilabert, Francisco,
_d1923-
_977184
245 1 3 _aLa primera misión de la Santa Sede a América /
_cFrancisco Martí Gilabert.
260 _aPamplona :
_bUniversidad de Navarra,
_c1967.
300 _a359 p. ;
_c23 cm.
490 1 _aColección Canonica de la Universidad de Navarra
610 2 4 _aIglesia Católica-
_zChile.
_9158821
830 0 _aColección Canonica de la Universidad de Navarra
_9183297
852 _aES-MaACL
_jC-32708
999 _c184923
_d184923